000 00990cam a22002295a 4500
001 L133345
008 060503s2006 xxk f u 000 0 eng u
020 _a1841408069
035 _a(Sirsi) u133345
050 0 4 _a657.3 $2 18
110 2 _aAccounting Standards Board
_93454
245 0 0 _aAmendment to financial reporting standard for smaller entities
_b2006
260 _aLondon
_bAccounting Standards Board
_c2006
300 _a50cm.
_c21cm.
350 _a3
490 0 _aASB Financial Reporting Standard
520 _aConcerns legal requirements in accounting standards for entities with an annual turnover of less than £5.6 million. Focuses on revenue recognition, service contracts, share based payment transactions, and amendments arising from changes in company law.
650 2 4 _aFINANCIAL REPORTING STANDARD FOR SMALLER ENTITIES
651 4 _aUnited Kingdom
_y
690 _aMANAGEMENT-BUSINESS MANAGEMENT-FINANCIAL MANAGEMENT-ACCOUNTING-FINANCIAL REPORTING
942 _n0
999 _c105385
_d105385